Stolice Azji położone najdalej od morza i ocenu - Statystyki

Ogólne statystyki
  • Ten quiz został rozwiązany 24 razy
  • Średni wynik to 8 z 10
Statystyki odpowiedzi
km (około) Stolica % Poprawnych
1000 Astana
95%
1500 Ułan Bator
95%
1200 Biszkek
82%
1200 Duszanbe
82%
1000 Katmandu
82%
1000 Taszkent
82%
1400 Kabul
73%
1000 Nowe Delhi
73%
500 Bagdad
59%
1500 Islamabad
50%
Nie znaleziono quizów pasujących do podanych kryteriów
Rozkład punktacji
Procent ludzi z każdym wynikiem
Percentyl według liczby udzielonych odpowiedzi
Twoja historia wyników
Nie rozwiązałeś tego quizu